| 000 | 01195nac a22003011i 4500 | ||
|---|---|---|---|
| 003 | EG-ScBUE | ||
| 005 | 20250601092229.0 | ||
| 008 | 250312s1979 nyua f b 100 0 eng d | ||
| 020 | _a088318155X | ||
| 040 |
_aEG-ScBUE _beng _erda _cEG-ScBUE _dEG-ScBUE |
||
| 082 | 0 | 4 |
_a523.112 _bPAR _222 |
| 245 | 0 | 0 |
_aParticle acceleration mechanisms in astrophysics, La Jolla Institute-1979 / _ceditors, Jon Arons and Christopher McKee, University of California at Berkeley, Claire Max, Lawrence Livermore Laboratory. |
| 264 | 1 |
_aNew York : _bAmerican Institute of Physics, _c1979. |
|
| 300 |
_aviii, 433 pages : _billustrations ; _c25 cm. |
||
| 336 |
_2rdacontent _atext _btxt |
||
| 337 |
_aunmediated _2rdamedia _bn |
||
| 338 |
_avolume _bnc _2rdacarrier |
||
| 490 | 0 |
_aAIP conference proceedings ; _vnumber 56 |
|
| 504 | _aIncludes bibliographical references. | ||
| 650 | 7 |
_aInterstellar matter _xCongresses. _2BUEsh |
|
| 650 | 7 |
_aParticle acceleration _xCongresses. _2BUEsh |
|
| 655 | _vReading book | ||
| 700 | 1 |
_aMax, Claire, _c1946- _eeditor. |
|
| 700 | 1 |
_aArons, Jon, _eeditor. |
|
| 700 | 1 |
_aMcKee, Christopher, _d1942- _eeditor. |
|
| 942 |
_cBB _2ddc |
||
| 999 |
_c3498 _d3498 |
||